[Event "Sao Paulo Carnaval op"]
[Site "Sao Paulo"]
[Date "2019.03.02"]
[Round "2"]
[White "Haraguchi, Diego Sashaki"]
[Black "Bucalem, Miguel Luiz"]
[Result "1-0"]
[WhiteElo "1436"]
[BlackElo "1761"]
[PlyCount "114"]
[EventDate "2019.03.02"]
[EventType "swiss"]
[EventRounds "7"]
[EventCountry "BRA"]
[SourceTitle "EXT 2020"]
[Source "ChessBase"]
[SourceDate "2019.10.17"]
[SourceVersion "1"]
[SourceVersionDate "2019.10.17"]
[SourceQuality "1"]

1. d4 Nf6 2. c4 e6 3. Nc3 Bb4 4. Nf3 0-0 5. Bg5 d5 6. Qb3 Bxc3+ 7. Qxc3 c6 8. e3 Nbd7 9. c5 Re8 10. Bd3 b6 11. b4 a5 12. a3 axb4 13. axb4 Rxa1+ 14. Qxa1 bxc5 15. bxc5 Qc7 16. Bf4 Qb7 17. 0-0 Qb3 18. Qb1 Qa3 19. Ne5 Ba6 20. Bxa6 Qxa6 21. Qc2 h6 22. Rb1 Ra8 23. Nd3 Nh5 24. Nb4 Qc8 25. Bd6 g6 26. h3 Ng7 27. Qb3 Nf5 28. Bh2 f6 29. g4 Ng7 30. Nd3 g5 31. Qb7 Kf8 32. Qxc8+ Rxc8 33. Rb7 Ke8 34. Bc7 e5 35. dxe5 Ne6 36. Bd6 fxe5 37. Nxe5 Nexc5 38. Bxc5 Nxc5 39. Rb6 Nd7 40. Rxc6 Rxc6 41. Nxc6 Kf7 42. Kg2 Ke6 43. Nd4+ Kf6 44. Kf3 Ne5+ 45. Ke2 Nf7 46. Nf5 h5 47. Ng3 hxg4 48. hxg4 Ne5 49. f3 Nf7 50. Nf5 Ne5 51. Nd4 Ng6 52. Kd3 Ke5 53. Nc6+ Kd6 54. Nd8 Ne5+ 55. Ke2 Kd7 56. Nb7 Kc6 57. Na5+ Kd6 1-0

[Event "BRA-ch Amateur U1800"]
[Site "Sao Paulo"]
[Date "2018.06.02"]
[Round "5"]
[White "De Moura, Valderi Nascimento"]
[Black "Bucalem, Miguel Luiz"]
[Result "0-1"]
[WhiteElo "1762"]
[BlackElo "1719"]
[PlyCount "98"]
[EventDate "2018.05.31"]
[EventType "swiss"]
[EventRounds "7"]
[EventCountry "BRA"]
[SourceTitle "EXT 2021"]
[Source "ChessBase"]
[SourceDate "2020.10.23"]
[SourceVersion "1"]
[SourceVersionDate "2020.10.23"]
[SourceQuality "1"]

1. e4 c6 2. d4 d5 3. exd5 cxd5 4. Nf3 Nf6 5. Nc3 Bg4 6. h3 Bxf3 7. gxf3 e6 8. Rg1 g6 9. Bg5 Bg7 10. Qd2 h6 11. Bf4 a6 12. 0-0-0 Nc6 13. Kb1 Nh5 14. Be3 Qa5 15. f4 0-0-0 16. a3 Kb8 17. Qd3 Ka8 18. Na2 Rc8 19. Qb3 Qc7 20. Nc3 Na5 21. Qa2 Nc4 22. Bxc4 Qxc4 23. Qxc4 Rxc4 24. Rd3 Rhc8 25. Rc1 Bf8 26. Ne2 Nf6 27. c3 h5 28. Ka2 Ne4 29. f3 Nd6 30. Rc2 R4c6 31. Nc1 Nc4 32. Bf2 Bd6 33. Bg3 g5 34. Bh2 gxf4 35. Rg2 Rb6 36. b4 Rbc6 37. Ne2 Ne3 38. Rg5 Nf1 39. Bxf4 Bxf4 40. Nxf4 Rxc3 41. Kb2 Rc2+ 42. Kb3 Nd2+ 43. Rxd2 Rxd2 44. Re5 Rxd4 45. Nxh5 Rd3+ 46. Kb2 Rxf3 47. h4 Rh8 48. Ng7 Rxh4 49. Re2 Rhh3 0-1

[Event "BRA-ch Amateur U1800"]
[Site "Sao Paulo"]
[Date "2018.05.31"]
[Round "2"]
[White "Casante, Tatiana de Mendonca"]
[Black "Bucalem, Miguel Luiz"]
[Result "0-1"]
[WhiteElo "1594"]
[BlackElo "1719"]
[PlyCount "44"]
[EventDate "2018.05.31"]
[EventType "swiss"]
[EventRounds "7"]
[EventCountry "BRA"]
[SourceTitle "EXT 2021"]
[Source "ChessBase"]
[SourceDate "2020.10.23"]
[SourceVersion "1"]
[SourceVersionDate "2020.10.23"]
[SourceQuality "1"]

1. e4 c6 2. d4 d5 3. exd5 cxd5 4. Nf3 Nf6 5. Bd3 Bg4 6. Bf4 Qb6 7. Nbd2 Nc6 8. Nb3 e6 9. c3 Be7 10. 0-0 0-0 11. h3 Bh5 12. Re1 a5 13. Re3 a4 14. Nbd2 Rfc8 15. Qc2 Nb4 16. Qb1 Nxd3 17. Rxd3 Bg6 18. Ne5 Bxd3 19. Nxd3 a3 20. Nb3 axb2 21. Qxb2 Ne4 22. Rc1 Ba3 0-1